| 000 | 00722 a2200241 4500 | ||
|---|---|---|---|
| 003 | OSt | ||
| 005 | 20180116192402.0 | ||
| 008 | 120702t xxu||||| |||| 00| 0 eng d | ||
| 010 | _a 2004296597 | ||
| 020 | _a0714842001 | ||
| 020 | _a9780714842004 | ||
| 035 | _a(OCoLC)ocm51837670 | ||
| 040 | _c0 | ||
| 082 | 0 | 0 | _a709.32 |
| 100 | 1 |
_aMaÌlek, JaromiÌr. _95122 |
|
| 245 | 1 | 0 |
_aEgypt : _b4000 years of art / _cJaromir Malek. |
| 260 |
_aLondon ; _aNew York : _bPhaidon, _c2003. |
||
| 300 |
_a376 p. : _bcol. ill., map ; _c25 cm. |
||
| 650 | 1 | 0 |
_aArt, Egyptian. _95123 |
| 650 | 1 | 0 |
_aArt, Ancient _zEgypt. _95124 |
| 942 |
_aSADA _cBK _k709.32 MAL 2003 _2ddc |
||
| 999 |
_c353338 _d353338 |
||